LEADER 00691nam a2200181 i 4500 001 000000211572 003 CaOOAMICUS 005 20120306000000.0 008 120306s1891 it u000 u ita u 013 $a190385 040 $aSeMil$bita 100 1 $aD'Ancona, Alessandro,$d<1835-1914>.$0(OLS)http://semarc/name/11830 245 10$aVol. 1. 300 $a670 p. 773 0 $aD'Ancona, Alessandro <1835-1914>$tOrigini del teatro italiano.$b2. ed. rivista ed accresciuta.$dTorino ; Firenze ; Roma : Ermanno Loescher, 1891.$g1$w()26407 850 $aSeMil 852 $aSeMil$W1$xVenegono$y1$m1U VI 5 FA$j162012$B162012$CSeMilBibl$Z2$F173351 $8I 996 $6245$aVol. 1$9(OLS)http://semarc/title/13429 LEADER 00901nam a2200217 i 4500 001 000000203928 003 CaOOAMICUS 005 20151202000000.0 008 151202s2005 it u000 u ita u 013 $a182643 040 $aSeMil$bita 100 1 $aLocatelli, Vittorio,$c.$0(OLS)http://semarc/name/47454 245 10$aTrent'anni in quel di Sesto :$bmemorie sestesi, memorie lentatesi /$cVittorio Locatelli. 260 $a[S.l. :$bs.n.],$cstampa 2005. 300 $a194 p. :$bill. ;$c21 cm. 650 4$aSesto Calende.$0(OLS)http://semarc/subject/11536 850 $aSeMil 852 $aSeMil$W1$xVenegono$y1$m3G V 280$j154422$B154422$CSeMilBibl$Z2$F208923 $81 961 $aOmaggio: Ferrari mons. Marco 996 $6245$aTrent'anni in quel di Sesto :$bmemorie sestesi, memorie lentatesi$9(OLS)http://semarc/title/295444 996 $6260$a[S.l. :$bs.n.]$9(OLS)http://semarc/publisher/29751 LEADER 00776nam a2200217 i 4500 001 000000086038 003 CaOOAMICUS 005 20021001000000.0 008 021001n xx u000 u und u 013 $a58278 040 $aSeMil$bita 100 1 $aMasci, Bernardino.$0(OLS)http://semarc/name/39747 245 10$a[Al servizio della vita umana] /$c[Masci]. 260 $aMilano :$bGarzanti,$c[1937] 300 $a530 p ;$c23 cm. 500 $aTit. della cop. 650 4$aMalattie.$0(OLS)http://semarc/subject/6495 850 $aSeMil 852 $aSeMil$W1$xVenegono$y1$m60 24 1 *$j49828$B49828$CSeMilBibl$Z2$F53637 $81 996 $6245$a[Al servizio della vita umana]$9(OLS)http://semarc/title/132466 996 $6260$aMilano :$bGarzanti$9(OLS)http://semarc/publisher/29852